000 01035nam a2200289 i 4500
003 EG-GICUC
005 20260121101338.0
008 251124s1972 ua |||fr|||| 000 0 ara d
040 _a EG-GICUC
_bara
_c EG-GICUC
_d EG-GICUC
_erda
041 0 _aara
082 0 4 _221
_a336.0565
_bأ ح . ا
092 0 4 _221
099 _aLaw1 07 345.0565 أ ح . ا 1972
100 1 _aأحمد مراد
_eمؤلف.
245 1 0 _aإعداد الموازنة واعتمادها في الجمهورية العربية السورية /
_cأحمد مراد.
264 1 _aالقاهرة :
_bالمنظمة العربية للعلوم الإدارية،
_c1972.
300 _a63 صفحة ؛
_c24 سم.
336 _2rda content
_atext
337 _2rda media
_aComputer
338 _2rda carrier
_aOnline Resource
546 _aالنص باللغة العربية
650 1 4 _aالموازنة العامة
_2qrmak
651 1 _2qrmak
856 4 0 _uhttps://fll.law.cu.edu.eg/fulltext/bks/B07-00092.pdf
905 _a78
942 _2ddc
_cBK
_e21
_n0
999 _c45675
_d45675